Statistics for U.K. General Knowledge MC #3

Click here to take the quiz!

General Stats

  • This quiz has been taken 1,001 times
  • The average score is 10 of 15

Answer Stats

QuestionAnswer% Correct
Queen Elizabeth II is known to have what breed of dog as pets?Corgi
92%
What happens when you reach 100 years of age in the United Kingdom?Message from the Queen
91%
221B Baker Street, London was the address of which fictional British character ?Sherlock Holmes
89%
The soap opera "Eastenders" is set in which fictional London borough ?Walford
89%
The University of Oxford is the oldest in the United Kingdom, which is the second oldest ?Cambridge
83%
What now common snack food item was originally eaten by Tin Miners whilst at workCornish Pasty
81%
Liverpool is one team in a local soccer "Derby" game, who are their opponents ?Everton
78%
The Tigers Rugby Union team play in which city?Leicester
73%
What is the National Animal of Scotland ?Unicorn
66%
William Webb Ellis is reputed to have invented what ?Rugby Football
65%
A castle in which city is built upon an extinct volcano ?Edinburgh
64%
.ky is the internet domain identifier for which Overseas Territory ?Cayman Islands
42%
Camulodunum was the Roman name for which modern town?Colchester
42%
What type of tree at Llangernyw, Conwy, Wales is reported as being the oldest in the U.K. at 4 - 5,000 years old ?Yew
27%
What is the westernmost point of the United Kingdom (not including overseas territories) ?Rockall
12%

Score Distribution

Percentile by Number Answered

Percent of People with Each Score

Your Score History

You have not taken this quiz